Philippe de Mézières, 1327-1405, et la croisade au XIVe siècle / (Registro nro. 156067)

Detalles MARC
000 -LEADER
campo de control de longitud fija 01099nam a22002895i 4500
001 - NÚMERO DE CONTROL
campo de control 156067
003 - IDENTIFICADOR DE NÚMERO DE CONTROL
campo de control ES-MaACL
005 - FECHA Y HORA DE LA ÚLTIMA TRANSACCIÓN
campo de control 20250907063116.0
008 - DATOS DE LONGITUD FIJA--INFORMACIÓN GENERAL
campo de control de longitud fija 920508s1896 fr |||| |bfre d
040 ## - FUENTE DE CATALOGACIÓN
Centro catalogador/agencia de origen CAT
Lengua de catalogación spa
Centro/agencia transcriptor CAT
Centro/agencia modificador CCPB
080 #4 - NÚMERO DE LA CLASIFICACIÓN DECIMAL UNIVERSAL
Número de la Clasificación Decimal Universal 929
100 1# - ENTRADA PRINCIPAL--NOMBRE DE PERSONA
Nombre de persona Iorga, Nicolae,
Fechas asociadas al nombre 1871-1940
9 (RLIN) 128192
245 10 - MENCIÓN DEL TÍTULO
Título Philippe de Mézières, 1327-1405, et la croisade au XIVe siècle /
Mención de responsabilidad, etc. par N. Jorga.
260 ## - PUBLICACIÓN, DISTRIBUCIÓN, ETC.
Lugar de publicación, distribución, etc. Paris :
Nombre del editor, distribuidor, etc. Librairie Émile Bouillon,
Fecha de publicación, distribución, etc. 1896.
300 ## - DESCRIPCIÓN FÍSICA
Extensión XXXIV, 555 p. ;
Dimensiones 26 cm.
490 1# - MENCIÓN DE SERIE
Mención de serie Bibliothèque de l'École des hautes études. Sciences philologiques ;
Designación de volumen o secuencia 110
504 ## - NOTA DE BIBLIOGRAFÍA, ETC.
Nota de bibliografía, etc. Bibliografía, p. VII-XXV.
504 ## - NOTA DE BIBLIOGRAFÍA, ETC.
Nota de bibliografía, etc. Índice.
600 17 - PUNTO DE ACCESO ADICIONAL DE MATERIA--NOMBRE DE PERSONA
Nombre de persona Mézières, Philippe de,
Fechas asociadas al nombre 1327-1405
Fuente del encabezamiento o término
9 (RLIN) 130360
650 #4 - PUNTO DE ACCESO ADICIONAL DE MATERIA--TÉRMINO DE MATERIA
Término de materia o nombre geográfico como elemento de entrada Cruzadas-
Subdivisión cronológica S. XIV.
9 (RLIN) 222505
650 #4 - PUNTO DE ACCESO ADICIONAL DE MATERIA--TÉRMINO DE MATERIA
Término de materia o nombre geográfico como elemento de entrada Escritores franceses-
Subdivisión cronológica S. XIV/XV.
9 (RLIN) 136026
700 1# - ENTRADA AGREGADA--NOMBRE PERSONAL
Nombre de persona Bouillon, Emile,
Término indicativo de función/relación
9 (RLIN) 187736
752 ## - ENTRADA AGREGADA--NOMBRE JERÁRQUICO DEL LUGAR
País o entidad superior Francia -
Ciudad París
830 00 - PUNTO DE ACCESO ADICIONAL DE SERIE-TÍTULO UNIFORME
Título uniforme Bibliothèque de l'École des Hautes Études. Sciences historiques et philologiques
Designación de volumen o secuencia 110
9 (RLIN) 229685
852 ## - LOCALIZACIÓN
Ubicación ES-MaACL
Número de control de estantería C-7630
Nota libre -- Enc. hol.
Existencias
Estatus retirado Estado de pérdida Estado de daño No para préstamo Colección Biblioteca de origen Biblioteca actual Ubicación en estantería Fecha de adquisición Fuente de adquisición Total de préstamos Signatura topográfica completa Código de barras Visto por última vez Precio de reemplazo Tipo de ítem Koha
        Libros del s. XIX Biblioteca del Ateneo de Madrid Biblioteca del Ateneo de Madrid Sala Palomar 17/01/2008     C-7630 1163274 23/02/2023 23/02/2023 Libro impreso antiguo